| 000 | 00895nam a22002897a 4500 | ||
|---|---|---|---|
| 001 | 5412 | ||
| 003 | FISKH | ||
| 005 | 20241204095520.0 | ||
| 008 | 241204b cb ||||| |||| 00| 0 eng d | ||
| 020 | _a9780545656917 | ||
| 040 |
_aFISKH _beng _cFISKH _dFISKH |
||
| 050 | _aQL666.L2 | ||
| 082 | _a597.95 | ||
| 100 |
_aMarsh, Laura _d(1986-) |
||
| 245 |
_aLizards / _cLaura Marsh |
||
| 250 | _aFirst printing in 2014 | ||
| 260 |
_aWashington : _bScholastic, _c2014. |
||
| 300 |
_a32 pages : _bColor illustrations ; _c23 cm |
||
| 505 | _aJ | ||
| 520 | _aIntroduces readers to lizards, looking at what they have in common, as well as some of the special traits and abilities that individual species have. | ||
| 521 | 8 |
_a460L
_bLexile |
|
| 521 | 8 |
_aJ
_bRaz-Plus |
|
| 650 |
_2Animals _aLizards |
||
| 650 |
_2Early reader _aReader Early Series |
||
| 942 |
_2ddc _cBK _n0 |
||
| 999 |
_c5412 _d5412 |
||